UBT Library

EVOLUTION BY ASSOCIATION (Record no. 60420)

000 -LEADER
fixed length control field 00320nam a22001457a 4500
008 - FIXED-LENGTH DATA ELEMENTS--GENERAL INFORMATION
fixed length control field 231004b ||||| |||| 00| 0 eng d
020 ## - INTERNATIONAL STANDARD BOOK NUMBER
International Standard Book Number 9780195088212
041 ## - LANGUAGE CODE
Language code of text/sound track or separate title eng
080 ## - UNIVERSAL DECIMAL CLASSIFICATION NUMBER
Universal Decimal Classification number 339.9
082 ## - DEWEY DECIMAL CLASSIFICATION NUMBER
Classification number 339.9SAP
100 ## - Rafti
Rafti 44
101 ## - Shkurtesa
Shkurtesa FILOZ
245 ## - TITLE STATEMENT
Title EVOLUTION BY ASSOCIATION
Statement of responsibility, etc SAPP.J
942 ## - ADDED ENTRY ELEMENTS (KOHA)
Source of classification or shelving scheme
Item type Books
Holdings
Withdrawn status Lost status Source of classification or shelving scheme Damaged status Not for loan Collection code Permanent location Current location Date acquired Total Checkouts Full call number Barcode Date last seen Price effective from Koha item type
          Koleksioni i përgjithshem UBT - Lipjan UBT - Lipjan 10/04/2023   339.9SAP 002-800070390 10/04/2023 10/04/2023 Books
UBT Library © 2015-2024. All rights reserved University Education for Business and Technology